The 1982 tax/benefit position of a typical worker in OECD member countries = La Situation d'un ouvrier moyen en 1982 au regard de l'impôt et des transferts sociaux dans les pays membres de l'OCDE.

Bibliographic Details
Corporate Author: Organisation for Economic Co-operation and Development
Format: Book
Language:English
French
Language Notes:Parallel English and Frenchtexts.
Published: Paris, France : [Washington, D.C.] : Organisation for Economic Co-operation and Development ; [Sold by OECD Publications and Information Center], ©1983.
Subjects:

MARC

Tag First Indicator Second Indicator Subfields
LEADER 00000cam a2200000 a 4500
001 in00000762002
005 20231006191227.0
008 840524s1983 fr a bs i000 0 eng
010 |a  84166245  
019 |a 10524134  |a 264651238  |a 1088504321 
020 |a 0926402498 
020 |a 9780926402492 
020 |a 9264024948 
020 |a 9789264024946 
029 1 |a AU@  |b 000003121137 
029 1 |a AU@  |b 000006487017 
029 1 |a AU@  |b 000027543396 
029 1 |a NZ1  |b 2760015 
035 |a (OCoLC)ocm10501965  
035 |a (OCoLC)10501965  |z (OCoLC)10524134  |z (OCoLC)264651238  |z (OCoLC)1088504321 
035 |a (OCoLC)ocm10501965  
040 |a DLC  |b eng  |c DLC  |d EZT  |d BAKER  |d IEUOL  |d OCLCO  |d OCLCF  |d OCLCQ  |d OCLCA  |d OCLCO 
041 0 |a eng  |a fre 
050 0 |a HC79.I5  |b A13 1983 
082 0 |a 336.24/2  |2 19 
245 0 4 |a The 1982 tax/benefit position of a typical worker in OECD member countries =  |b La Situation d'un ouvrier moyen en 1982 au regard de l'impôt et des transferts sociaux dans les pays membres de l'OCDE. 
246 3 |a Situation d'un ouvrier moyen en 1982 au regard de l'impôt et des transferts sociaux dans les pays membres de l'OCDE 
260 |a Paris, France :  |b Organisation for Economic Co-operation and Development ;  |a [Washington, D.C.] :  |b [Sold by OECD Publications and Information Center],  |c ©1983. 
300 |a 121 pages :  |b illustrations ;  |c 27 cm 
336 |a text  |b txt  |2 rdacontent 
337 |a unmediated  |b n  |2 rdamedia 
338 |a volume  |b nc  |2 rdacarrier 
500 |a English and French; tables in English or French. 
504 |a Includes bibliographical references (pages 120-121). 
546 |a Parallel English and Frenchtexts. 
650 0 |a Income. 
650 0 |a Income tax. 
650 0 |a Social security taxes. 
610 2 0 |a Organisation for Economic Co-operation and Development. 
650 6 |a Revenu. 
650 6 |a Impôt sur le revenu. 
650 6 |a Sécurité sociale  |x Cotisations. 
610 2 7 |a Organisation for Economic Co-operation and Development.  |2 fast  |0 (OCoLC)fst00531991 
650 7 |a Income.  |2 fast  |0 (OCoLC)fst00968635 
650 7 |a Income tax.  |2 fast  |0 (OCoLC)fst00968719 
650 7 |a Social security taxes.  |2 fast  |0 (OCoLC)fst01123182 
710 2 |a Organisation for Economic Co-operation and Development. 
776 0 8 |i Online version:  |t 1982 tax/benefit position of a typical worker in OECD member countries.  |d Paris, France : Organisation for Economic Co-operation and Development ; [Washington, D.C. : Sold by OECD Publications and Information Center], ©1983  |w (OCoLC)645264899 
938 |a Baker & Taylor  |b BKTY  |c 12.00  |d 12.00  |i 9264024948  |n 0000842960  |s active 
948 |h HELD BY TXA - 77 OTHER HOLDINGS 
994 |a Z0  |b TXA 
999 f f |s e775d416-024c-37fe-8e97-56567aa684cd  |i 1e429c44-095c-3dea-ae84-b9f0e620517d  |t 0 
952 f f |p ric  |a Texas A&M University  |b Rellis Campus  |c Joint Library Facility  |s JLF  |d Remote Storage  |t 0  |e HJ4706.5 .O75 1983  |h Library of Congress classification  |i unmediated -- volume  |m A14808752802